Catálogo
 En Linea

Ama del espíritu / (Registro nro. 5794)

Detalles MARC
000 -CABECERA
campo de control de longitud fija 00621cam a2200193 a 4500
001 - NÚMERO DE CONTROL
campo de control 000005998
005 - FECHA Y HORA DE LA ÚLTIMA TRANSACCIÓN
campo de control 20200929151858.0
008 - DATOS DE LONGITUD FIJA--INFORMACIÓN GENERAL
campo de control de longitud fija 950928s1995 nq 001 p spa
040 ## - FUENTE DE LA CATALOGACIÓN
Centro catalogador/agencia de origen DO-SdBNP
Lengua de catalogación spa
Centro/agencia transcriptor BNPHU
082 ## - NÚMERO DE LA CLASIFICACIÓN DECIMAL DEWEY
-- N861.44
Número de documento/Ítem C348a
100 1# - ENTRADA PRINCIPAL--NOMBRE DE PERSONA
Nombre de persona Castellón, Blanca,
Fechas asociadas al nombre 1958-
9 (RLIN) 16899
245 10 - MENCIÓN DE TÍTULO
Título Ama del espíritu /
Mención de responsabilidad, etc. Blanca Castellón.
260 ## - PUBLICACIÓN, DISTRIBUCIÓN, ETC.
Lugar de publicación, distribución, etc. Managua, (Nicaragua) ;
-- New Orleans, LA :
Nombre del editor, distribuidor, etc. Decenio,
Fecha de publicación, distribución, etc. 1995.
300 ## - DESCRIPCIÓN FÍSICA
Extensión 105 p. ;
Dimensiones 22 cm.
490 1# - MENCIÓN DE SERIE
Mención de serie Los motivos del lobo
650 #4 - PUNTO DE ACCESO ADICIONAL DE MATERIA--TÉRMINO DE MATERIA
Término de materia o nombre geográfico como elemento de entrada Poesía nicaragüense
9 (RLIN) 8179
650 #4 - PUNTO DE ACCESO ADICIONAL DE MATERIA--TÉRMINO DE MATERIA
Término de materia o nombre geográfico como elemento de entrada Literatura nicaragüense
Subdivisión cronológica SIGLO XX
9 (RLIN) 8729
830 #0 - PUNTO DE ACCESO ADICIONAL DE SERIE-TÍTULO UNIFORME
Título uniforme Los motivos del lobo
9 (RLIN) 16900
Existencias
Estado de retiro Estado de pérdida Restricciones de uso No para préstamo Código de colección Localización permanente Ubicación/localización actual Ubicación en estantería Fecha de adquisición Número de inventario Total de préstamos Signatura topográfica completa Código de barras Fecha visto por última vez Precio válido a partir de Tipo de ítem Koha Número de copia
      Excluido de préstamo Monografías: Libros y Folletos General General Depósito 25.08.2009 LF1   C348a 5998-10 25.06.2020 25.06.2020 No se presta  
  Extraviado   Excluido de préstamo Monografías: Libros y Folletos General General Extraviado 17.04.2017 LF1   C348a 5998-20 25.06.2020 25.06.2020 No se presta e. 2

Con tecnología Koha